Statistiche per Paesi più vicini alla Dominica

Clicka qui per fare il quiz!

Statistiche generali

  • Questo quiz è stato fatto 41 volte
  • Il punteggio medio è 14 su 20

Statistiche sulle risposte

kmnazione% Corretto
129Santa Lucia
91%
500Venezuela
91%
154Antigua e Barbuda
89%
1128Haiti
89%
201Saint Kitts e Nevis
89%
1114Colombia
86%
804Repubblica Dominicana
86%
204Saint Vincent e Grenadine
86%
439Trinidad e Tobago
86%
277Barbados
83%
298Grenada
83%
1131Suriname
83%
1113Brasile
80%
757Guyana
77%
1367Bahamas
74%
27Francia
60%
259Paesi Bassi
31%
969Aruba
29%
872Curaçao
26%
313Sint Maarten
14%

Distribuzione punteggi

Percentile per numero di risposta

Percentuale di utenti per punteggio

I tuoi punteggi nel tempo

Non hai fatto questo quiz